[Event "Samara Polugaevsky Memorial 7th"]
[Site "Samara"]
[Date "2017.07.16"]
[Round "9"]
[White "Tolstykh, Arina"]
[Black "Teiitbaev, Aktilek"]
[Result "0-1"]
[WhiteElo "1495"]
[BlackElo "2016"]
[PlyCount "66"]
[EventDate "2017.07.08"]
[EventType "swiss"]
[EventRounds "9"]
[EventCountry "RUS"]
[SourceTitle "EXT 2018"]
[Source "ChessBase"]
[SourceDate "2017.10.13"]
[SourceVersion "1"]
[SourceVersionDate "2017.10.13"]
[SourceQuality "1"]

1. d4 Nf6 2. c4 g6 3. Nc3 Bg7 4. Nf3 0-0 5. e4 d6 6. Be2 e5 7. d5 a5 8. Bg5 h6 9. Be3 Ng4 10. Bd2 f5 11. h3 Nf6 12. Nh4 Kh7 13. exf5 gxf5 14. Qc2 e4 15. g4 Na6 16. Nxf5 Bxf5 17. gxf5 Nb4 18. Qd1 Qe7 19. Be3 c6 20. a3 Na6 21. Bd4 Nc5 22. Qc2 Nd3+ 23. Kd2 Nf4 24. Bxf6 Bxf6 25. Nxe4 cxd5 26. cxd5 Rac8 27. Qa4 Nxe2 28. Rae1 b5 29. Nxf6+ Qxf6 30. Qxb5 Rb8 31. Qd3 Rxb2+ 32. Ke3 Qg5+ 33. Kf3 Rxf5+ 0-1

[Event "Moscow op-B (Women) 13th"]
[Site "Moscow"]
[Date "2017.02.02"]
[Round "6"]
[White "Tolstykh, Arina"]
[Black "Bulatova, Kamaliya"]
[Result "0-1"]
[WhiteElo "1407"]
[BlackElo "1912"]
[PlyCount "92"]
[EventDate "2017.01.28"]
[EventType "swiss"]
[EventRounds "9"]
[EventCountry "RUS"]
[SourceTitle "EXT 2018"]
[Source "ChessBase"]
[SourceDate "2017.10.13"]
[SourceVersion "1"]
[SourceVersionDate "2017.10.13"]
[SourceQuality "1"]

1. d4 Nf6 2. c4 g6 3. Nc3 Bg7 4. Bg5 h6 5. Bh4 c5 6. e3 cxd4 7. exd4 0-0 8. Nf3 Qa5 9. Bd3 d6 10. 0-0 Qh5 11. Bg3 Bg4 12. Be2 Qa5 13. h3 Bh5 14. Bf4 g5 15. Bd2 Qb6 16. Na4 Qc7 17. Nc3 Nbd7 18. b3 a6 19. Re1 Bg6 20. Bc1 b5 21. Bb2 bxc4 22. Bxc4 Nb6 23. Bd3 Bxd3 24. Qxd3 Nbd5 25. Nxd5 Nxd5 26. Qe4 e6 27. Rac1 Qa5 28. a3 Qb5 29. b4 Nf4 30. Qc6 Nd3 31. Qc2 Nxe1 32. Nxe1 Rac8 33. Qxc8 Rxc8 34. Rxc8+ Kh7 35. Rc2 Qf5 36. Rd2 h5 37. Rd3 g4 38. hxg4 hxg4 39. Kf1 Bh6 40. g3 Qe4 41. a4 Qd5 42. b5 axb5 43. axb5 Qxb5 44. Ba3 Bd2 45. Bxd6 Bxe1 46. Kxe1 Qxd3 0-1